Quizzes
Events
Quiz Creation
Community
Videos
Private Events
Remove Ads
Sign In
Join for FREE
Feedback
Dark Mode
Quiz Categories
Sports
Geography
Music
Movies
Television
Just For Fun
Miscellaneous
History
Literature
Language
Science
Gaming
Entertainment
Religion
Holiday
For Kids
Quiz Lab
Recent
Popular Today
Quiz Kudos Today
Editor Picks
Curator Picks
Quizzes by...
Day
Popularity
Type
Ratings
Length
Year
Community
Subscriptions
Recent Discussions
Orange Saloon
Badges
Playlists
Quests
Create
Leaderboards
Showdown
Live 5
Trivia Bingo
Activity
Puzzle Library
Sporcle Events
Private Events
Virtual Trivia
Globe League
Become a Host
Pub Owners
SporcleCon
Opinionation
Our Games
Videos
Blog
Mobile Apps
Partnerships
Remove Ads and Go Orange
Feedback
Sports
Athletes
MLB
NBA
NHL
NFL
Soccer
Sports Teams
WWE
NCAA
Football
Premier League
Basketball
Baseball
Hockey
Golf
Tennis
Cricket
Rugby
Auto Racing
Olympics
World Cup
Sports
Athletes
MLB
NBA
NHL
NFL
Soccer
Sports Teams
WWE
NCAA
Football
Premier League
Basketball
Baseball
Hockey
Golf
Tennis
Cricket
Rugby
Auto Racing
Olympics
World Cup
Random Quiz
Search Sporcle
×
Quiz Lab
Quiz Lab
Sports
PPV
Type in answers that appear in a list
Type in answers that appear in a list
Classic
Best Score? Go Orange.
Konnan PPV Opponents Stats
Can you name the Konnan PPV Opponents?
By
Batista112
19m
167 Questions
132 Plays
132 Plays
132 Plays
Comments
Comments
Give Quiz Kudos
Give Quiz Kudos
-
- Ratings
hide this ad
Replay
Link that replays current quiz
Next Quiz
Link to next quiz in quiz playlist
You Got
0%
They Got
Avg Score
57%
Avg Friend Score
Upgrade to see
Score Distribution
Jump to the score distribution portion of the page
Score
0/167
Timer
19:00
0
Plays Today
PPV
Opponent
% Correct
WCW Uncensored 1996
Eddy Guerrero
93.2%
WCW World War 3 1998 (Winner)
Kevin Nash
92.4%
WCW SuperBrawl IX 1999
Kevin Nash
92.4%
WCW Fall Brawl 1997
Chris Benoit
91.7%
WCW Road Wild 1998
Scott Hall
91.7%
WCW Fall Brawl 1998
Scott Hall
91.7%
WCW SuperBrawl IX 1999
Scott Hall
91.7%
WCW Bash At The Beach 1996
Ric Flair
88.6%
WCW Fall Brawl 1997
Ric Flair
88.6%
NWA StarrCade 1990
Rick Steiner
87.1%
NWA StarrCade 1990
Scott Steiner
87.1%
WCW Slamboree 1997
Rick Steiner
87.1%
WCW Slamboree 1997
Scott Steiner
87.1%
WCW Road Wild 1997
Rey Mysterio
87.1%
WCW Souled Out 1998
Rick Steiner
87.1%
WCW Souled Out 1998
Scott Steiner
87.1%
WCW Road Wild 1998
Sting
87.1%
WCW StarrCade 2000
Jeff Jarrett
87.1%
NWA TNA Weekly PPV #97 2004
Jeff Jarrett
87.1%
NWA TNA Weekly PPV #101 2004 (Winner)
Jeff Jarrett
87.1%
NWA TNA Weekly PPV #102 2004
Jeff Jarrett
87.1%
WCW Road Wild 1998
Lex Luger
86.4%
WCW Souled Out 1999
Lex Luger
86.4%
WCW Fall Brawl 1997
Curt Hennig
85.6%
WCW Road Wild 1998
Curt Hennig
85.6%
WCW The Great American Bash 1999
Curt Hennig
84.8%
WCW Bash At The Beach 1999
Curt Hennig
84.8%
WCW World War 3 1996 (Winner)
The Giant
84.1%
WCW Road Wild 1998
The Giant
84.1%
WCW Halloween Havoc 1999
Booker T
82.6%
WCW World War 3 1998
Stevie Ray
81.1%
WCW Slamboree 1999
Stevie Ray
81.1%
WCW Halloween Havoc 1999
Stevie Ray
81.1%
NWA TNA Weekly PPV #47 2003
James Storm
81.1%
TNA Slammiversary 2005
James Storm
81.1%
WCW Greed 2001
Lance Storm
80.3%
WWA The Reckoning 2003
Devon Storm
80.3%
NWA TNA Weekly PPV #57 2003
Devon Storm
80.3%
WCW StarrCade 1998
Chris Jericho
78.8%
WCW Fall Brawl 1996
Juventud Guerrera
77.3%
WCW SuperBrawl VII 1997
Juventud Guerrera
77.3%
WCW Uncensored 1998
Juventud Guerrera
77.3%
WCW The Great American Bash 1998
Goldberg
77.3%
WCW Road Wild 1998
Goldberg
77.3%
WCW Road Wild 1998
Scott Norton
76.5%
WCW Fall Brawl 1997
Steve McMichael
75.8%
WCW Bash At The Beach 1998
Disco Inferno
73.5%
WCW Spring Stampede 1999
Disco Inferno
73.5%
WCW StarrCade 2000
Don Harris
73.5%
WCW StarrCade 2000
Ron Harris
73.5%
NWA TNA Weekly PPV #48 2003
Don Harris
73.5%
NWA TNA Weekly PPV #48 2003
Ron Harris
73.5%
NWA TNA Weekly PPV #58 2003
Christopher Daniels
73.5%
NWA TNA Weekly PPV #85 2004 (Winner)
Ron Killings
73.5%
TNA Final Resolution 2005
Christopher Daniels
73.5%
WWA The Inception 2001
Road Dogg
72.7%
PPV
Opponent
% Correct
NWA TNA Weekly PPV #47 2003
Chris Harris
72.7%
TNA Slammiversary 2005
Chris Harris
72.7%
TNA Destination X 2006
BG James
72.7%
WCW Bash At The Beach 1999
Barry Windham
72%
WCW Bash At The Beach 1999
Kendall Windham
72%
NWA TNA Weekly PPV #109 2004
Bobby Roode
72%
TNA Victory Road 2004
Bobby Roode
72%
TNA Destination X 2005
Bobby Roode
72%
TNA Bound For Glory 2005
Bobby Roode
72%
TNA Turning Point 2005
Bobby Roode
72%
NWA TNA Weekly PPV #86 2004
Andy Douglas
68.9%
NWA TNA Weekly PPV #107 2004
Andy Douglas
68.9%
WCW Halloween Havoc 2000
Shane Douglas
68.2%
NWA TNA Weekly PPV #59 2003
Shane Douglas
68.2%
NWA TNA Weekly PPV #82 2004
Shane Douglas
68.2%
WCW Fall Brawl 2000
Chuck Palumbo
66.7%
TNA No Surrender 2005
Kip James
66.7%
TNA Sacrifice 2005
Kip James
66.7%
TNA Destination X 2006
Kip James
66.7%
WCW Fall Brawl 2000
Sean O'Haire
65.2%
WCW The Great American Bash 1997
Hugh Morrus
64.4%
WCW Halloween Havoc 1999
Hugh Morrus
64.4%
WCW Fall Brawl 2000
Shawn Stasiak
63.6%
NWA StarrCade 1990
Chris Adams
62.9%
WCW Fall Brawl 2000
Mark Jindrak
62.9%
WCW Millennium Final 2000 (Winner)
Mike Awesome
62.9%
WCW Greed 2001
Mike Awesome
62.9%
TNA Destination X 2005
Petey Williams
62.9%
TNA Turning Point 2005
Petey Williams
62.9%
NWA TNA Weekly PPV #106 2004
Eric Young
62.1%
NWA TNA Weekly PPV #108 2004
Eric Young
62.1%
NWA TNA Weekly PPV #109 2004
Eric Young
62.1%
TNA Victory Road 2004
Eric Young
62.1%
TNA Destination X 2005
Eric Young
62.1%
TNA Bound For Glory 2005
Eric Young
62.1%
TNA Turning Point 2005
Eric Young
62.1%
NWA TNA Weekly PPV #62 2003
David Young
61.4%
NWA TNA Weekly PPV #83 2004
David Young
61.4%
TNA Genesis 2005
David Young
61.4%
NWA TNA Weekly PPV #1 2002 (Winner)
Ken Shamrock
60.6%
NWA TNA Weekly PPV #102 2004
Ken Shamrock
60.6%
TNA Genesis 2005
Elix Skipper
59.8%
WCW Halloween Havoc 1999
Brian Knobbs
56.8%
WCW Fall Brawl 2000
Mike Sanders
54.5%
NWA TNA Weekly PPV #63 2003
Vampiro
53.8%
WCW The Great American Bash 1999
Bobby Duncum Jr
52.3%
WCW Bash At The Beach 1999
Bobby Duncum Jr
52.3%
TNA No Surrender 2005
Monty Brown
51.5%
TNA Sacrifice 2005
Monty Brown
51.5%
WCW Souled Out 1998
Ray Traylor
50.8%
TNA Final Resolution 2005
Kazarian
50.8%
NWA TNA Weekly PPV #98 2004
Hernandez
49.2%
NWA TNA Weekly PPV #102 2004
Hernandez
49.2%
WCW Fall Brawl 2000
Reno
45.5%
WCW Fall Brawl 2000
Johnny The Bull
45.5%
NWA StarrCade 1990
Norman Smiley
44.7%
PPV
Opponent
% Correct
TNA Destination X 2005
A1
44.7%
TNA Bound For Glory 2005
A1
44.7%
TNA Turning Point 2005
A1
44.7%
NWA TNA Weekly PPV #36 2003
Jerry Lynn
43.9%
NWA TNA Weekly PPV #37 2003
Jerry Lynn
43.9%
NWA TNA Weekly PPV #86 2004
Chase Stevens
42.4%
NWA TNA Weekly PPV #107 2004
Chase Stevens
42.4%
WCW SuperBrawl VI 1996
One Man Gang
39.4%
NWA TNA Weekly PPV #62 2003
Simon Diamond
38.6%
NWA TNA Weekly PPV #64 2003
Simon Diamond
38.6%
NWA TNA Weekly PPV #71 2003
Simon Diamond
38.6%
TNA Genesis 2005
Simon Diamond
38.6%
NWA TNA Weekly PPV #108 2004
Scott D'Amore
37.9%
NWA TNA Weekly PPV #83 2004
Kid Kash
32.6%
TNA Destination X 2006
Bob Armstrong
32.6%
TNA Lockdown 2006
Bob Armstrong
32.6%
WCW Halloween Havoc 2000
Torrie Wilson
31.8%
NWA TNA Weekly PPV #1 2002 (Winner)
Malice
31.1%
WCW Slamboree 1996
Jushin Liger
30.3%
NWA TNA Weekly PPV #82 2004
Michael Shane
30.3%
NWA TNA Weekly PPV #83 2004
Michael Shane
30.3%
TNA Final Resolution 2005
Michael Shane
30.3%
WCW SuperBrawl VII 1997
Super Calo
29.5%
NWA TNA Weekly PPV #64 2003
Johnny Swinger
28.8%
NWA TNA Weekly PPV #71 2003
Johnny Swinger
28.8%
NWA TNA Weekly PPV #83 2004
Johnny Swinger
28.8%
NWA TNA Weekly PPV #46 2003
Sonny Siaki
28%
NWA TNA Weekly PPV #59 2003
Slash
28%
NWA TNA Weekly PPV #63 2003
Slash
28%
NWA TNA Weekly PPV #66 2003
Sonny Siaki
28%
WCW SuperBrawl VII 1997
Ciclope
27.3%
NWA TNA Weekly PPV #106 2004
Johnny Devine
26.5%
NWA TNA Weekly PPV #108 2004
Johnny Devine
26.5%
NWA TNA Weekly PPV #109 2004
Johnny Devine
26.5%
NWA TNA Weekly PPV #57 2003
Vampire Warrior
25.8%
NWA TNA Weekly PPV #46 2003
The Sandman
24.2%
NWA TNA Weekly PPV #57 2003
Sinn
21.2%
NWA TNA Weekly PPV #59 2003
Sinn
21.2%
NWA TNA Weekly PPV #63 2003
Sinn
21.2%
NWA TNA Weekly PPV #43 2003 (Winner)
Glenn Gilberti
19.7%
NWA TNA Weekly PPV #62 2003
Glenn Gilberti
19.7%
NWA TNA Weekly PPV #64 2003
Glenn Gilberti
19.7%
NWA TNA Weekly PPV #71 2003
Glenn Gilberti
19.7%
NWA TNA Weekly PPV #83 2004
Glenn Gilberti
19.7%
NWA TNA Weekly PPV #58 2003
Joe E. Legend
18.9%
WCW The Great American Bash 1996
El Gato
14.4%
WCW/
AAA When Worlds Collide 1994
Perro Aguayo
13.6%
NWA TNA Weekly PPV #66 2003
Ekmo
11.4%
NWA TNA Weekly PPV #98 2004
Onyx
9.8%
NWA TNA Weekly PPV #102 2004
Onyx
9.8%
NWA TNA Weekly PPV #36 2003
Jason Cross
9.1%
NWA TNA Weekly PPV #66 2003
Jimmy Snuka
9.1%
NWA TNA Weekly PPV #98 2004
Chad Collyer
7.6%
NWA TNA Weekly PPV #102 2004
Chad Collyer
7.6%
WWA The Retribution 2002
Spyder Nate Webb
3.8%
Quiz Playlist
Details
Report
Send in Message
Add To Playlist
Classic:
Type in answers that appear in a list
Last Updated: Feb 16, 2017
Quiz Scoreboard
CHALLENGE
Sign Up to Join the Scoreboard
Show All
Scores
Hide
Comments
May contain spoilers
Recently Published
Presidents Visiting Landmarks
by Hejman
History
7m
An Introduction to Baseball
by treessimontrees
Sports
5m
Movies - When Are They Set?
by FPL_Elf
Movies
5m
More to Explore
Quiz From the Vault
Featured Blog Post
Where Did the Easter Bunny Come From?
hide this ad
You Might Also Like...
Tags
opponent
PPV
PPV Opponents
Today's Top Quizzes in Sports
Browse Sports
hide this ad
Today's Top Quizzes in PPV
Browse PPV
Top Contributed Quizzes in Sports
1
Les meilleurs buteurs des matchs entre le PSG et l’OM
2
2022 World Cup Stars
3
FIFA Club World Cup Champions
4
Les entraîneurs de l'OM et du PSG au 21e siècle
5
Name the Premier League winners with different clubs
6
La finale Lions - Afrique du Sud 2021
7
5-to-1: UK Sports Teams
8
England Test cricketers to play under Nasser Hussain
9
Players with Multiple 50 Home Run Seasons
10
AFC Teams Reveal (Wrong Answers Minefield)
Explore More
Trending Topics
NBA
Anime
Marvel
Crossword
Kpop
Harry Potter
Disney
Pokémon
Soccer
WWE
The Office
Country
Song
Puzzle
NFL
hide this ad
More By:
Batista112
Quiz
Plays
Rating
Category
Featured
Created
Top 200 Most Matches in WWE History
2,492
3.17
Sports
Jan 20, 2012
Scott Steiner PPV Opponents
1,215
4.67
Sports
Feb 20, 2012
Matt Hardy PPV Opponents
954
3.83
Sports
Feb 20, 2012
Bubba Ray Dudley PPV Opponents
530
5.00
Sports
Jan 24, 2012
D'Lo Brown PPV Opponents
400
4.00
Sports
Jan 18, 2012
Go to Creator's Profile
Score Distribution
Quiz Creator Spotlight
Batista112
Follow
Send a Message
Quizzes Created
-
Created Quiz Play Count
-
More By This Creator
Popular Quizzes Today
1
Find the US States - No Outlines Minefield
2
Find the Countries of Europe - No Outlines Minefield
3
The Countries of the World
4
Find the US States
5
Popular People in 1961
6
US States
7
Risky Map Clicking: Biggest States A-Z
8
1-10 Letter E Words III
More Sports Quizzes
MLB teammates top 10 in wins , same season , N.L.
Quiz Lab
Trending Quizzes
Risky Map Clicking: Least Populous States A-Z
1-10 Letter G Words
1-10 Letter F Words
One Thing in Common: United Kingdom
Risky Map Clicking: Next State Alphabetically
Recently Updated
Leaping Animals
pecheneg
Reality TV Shows (A-Z)
bhenderson79
Rickey Henderson's Hall of Fame Teammates
pecheneg
Champions League XIs: Arsenal
pecheneg
Quick Pick: Celebrities in WWE's Hall of Fame
aduchscher
A-Z Keypad Blitz II
pecheneg
Multiple Oscar Actors
pecheneg
Mystery Phrase Blitz: Oscar 'Best Actors'
pecheneg
F. Scott Fitzgerald Novels
LTH
Pick 3 Villains
ddd62291
Trending Topics
NBA
Disney
Anime
Kpop
Crossword
Harry Potter
Marvel
Song
Country
Pokémon
Soccer
WWE
The Office
Puzzle
NFL
Your Account Isn't Verified!
In order to create a playlist on Sporcle, you need to verify the email address you used during registration. Go to your
Sporcle Settings
to finish the process.
Report this User
Report this user for behavior that violates our
Community Guidelines
.
Details:
Send Report
Go to the Sporcle.com Mobile Site →
Comments